[Event "NRW Class2 0910"]
[Site "Germany"]
[Date "2010.02.21"]
[Round "7.4"]
[White "Van Beek, Alexander"]
[Black "Tymura, Achim"]
[Result "1-0"]
[WhiteElo "2345"]
[BlackElo "2138"]
[PlyCount "99"]
[EventDate "2009.09.20"]
[EventType "team-tourn"]
[EventRounds "9"]
[EventCountry "GER"]
[SourceTitle "EXT 2011"]
[Source "ChessBase"]
[SourceDate "2010.11.26"]
[SourceVersion "1"]
[SourceVersionDate "2010.11.26"]
[SourceQuality "1"]
[WhiteTeam "Erkenschwick"]
[BlackTeam "Hagen"]
[WhiteTeamCountry "GER"]
[BlackTeamCountry "GER"]

1. d4 g6 2. e4 Bg7 3. c4 Nc6 4. d5 Nd4 5. Ne2 c5 6. Nxd4 Bxd4 7. Bd3 e5 8. Nd2 d6 9. Nb3 Ne7 10. Nxd4 cxd4 11. Bg5 Qa5+ 12. Kf1 Ng8 13. Qf3 h6 14. Bc1 Bd7 15. Ke2 Qd8 16. Bd2 Nf6 17. h3 Kf8 18. Bb4 Ne8 19. c5 dxc5 20. Bxc5+ Kg7 21. Rhc1 Rc8 22. Qg3 f6 23. f4 b6 24. Ba3 Rxc1 25. Rxc1 Qb8 26. d6 exf4 27. Qxf4 Be6 28. Bc4 g5 29. Qg3 Qb7 30. Qd3 Bxc4 31. Rxc4 Kf7 32. Qxd4 Qd7 33. Kf2 Rh7 34. Kg1 Kg6 35. Qd5 Rf7 36. b3 h5 37. e5 fxe5 38. Qxe5 Nf6 39. Rc7 Qd8 40. Rxf7 Kxf7 41. Qxg5 Qd7 42. Bb2 Qxd6 43. Qxf6+ Qxf6 44. Bxf6 Kxf6 45. Kf2 Ke5 46. Kg3 Kf5 47. Kh4 Kg6 48. g4 hxg4 49. Kxg4 Kf6 50. Kf4 1-0

[Event "NRW Class2 0910"]
[Site "Germany"]
[Date "2009.10.25"]
[Round "2.5"]
[White "Tymura, Achim"]
[Black "Horstmann, Olaf"]
[Result "0-1"]
[WhiteElo "2138"]
[BlackElo "2196"]
[PlyCount "72"]
[EventDate "2009.09.20"]
[EventType "team-tourn"]
[EventRounds "9"]
[EventCountry "GER"]
[SourceTitle "EXT 2011"]
[Source "ChessBase"]
[SourceDate "2010.11.26"]
[SourceVersion "1"]
[SourceVersionDate "2010.11.26"]
[SourceQuality "1"]
[WhiteTeam "Hagen"]
[BlackTeam "Godesberg II"]
[WhiteTeamCountry "GER"]
[BlackTeamCountry "GER"]

1. d4 d6 2. Nf3 f5 3. Nc3 Nf6 4. Bg5 Nbd7 5. e3 e6 6. Bd3 Be7 7. 0-0 0-0 8. e4 fxe4 9. Nxe4 Nxe4 10. Bxe7 Qxe7 11. Bxe4 Nf6 12. Bd3 Bd7 13. c4 Rae8 14. Qc2 Qf7 15. Rae1 Qh5 16. Nd2 Qh4 17. Nf3 Qh5 18. Nd2 e5 19. Be2 Qh6 20. d5 e4 21. Bd1 e3 22. Rxe3 Rxe3 23. fxe3 Qxe3+ 24. Rf2 Ng4 25. Nf3 Nxf2 26. Qxf2 Qxf2+ 27. Kxf2 Bg4 28. h3 Bxf3 29. Bxf3 Kf7 30. Ke3 Kf6 31. Ke4 Re8+ 32. Kd4 Kg5 33. Be4 h5 34. a3 Kf4 35. Bf3 h4 36. a4 Re3 0-1

[Event "NRW Class2 0809"]
[Site "Germany"]
[Date "2008.10.12"]
[Round "2.6"]
[White "Friedl, Thomas"]
[Black "Tymura, Achim"]
[Result "1-0"]
[WhiteElo "2213"]
[BlackElo "2136"]
[PlyCount "63"]
[EventDate "2008.09.21"]
[EventType "team-tourn"]
[EventRounds "9"]
[EventCountry "GER"]
[SourceTitle "EXT 2010"]
[Source "ChessBase"]
[SourceDate "2010.11.25"]
[SourceVersion "1"]
[SourceVersionDate "2010.11.25"]
[SourceQuality "1"]
[WhiteTeam "Castrop Rauxel"]
[BlackTeam "Hagen"]
[WhiteTeamCountry "GER"]
[BlackTeamCountry "GER"]

1. g3 e5 2. Bg2 d6 3. d3 f5 4. e4 c6 5. Ne2 Nf6 6. 0-0 Be7 7. h3 0-0 8. f4 fxe4 9. dxe4 Na6 10. Be3 Qe8 11. f5 Nc7 12. c4 Qf7 13. Qc2 Bd7 14. Nd2 Rfd8 15. Nf3 Bf8 16. g4 Qe7 17. g5 Nh5 18. Qc3 Be8 19. Rae1 Bf7 20. Rd1 Re8 21. f6 gxf6 22. gxf6 Nxf6 23. Ng3 Bg6 24. Nh4 Qe6 25. Bg5 Nh5 26. Nxh5 Bxh5 27. Qg3 Bg7 28. Bf6 Qf7 29. Rxd6 Re6 30. Bxg7 Qxg7 31. Qxg7+ Kxg7 32. Rd7+ 1-0

[Event "NRW Class2 0708"]
[Site "Germany"]
[Date "2008.01.13"]
[Round "5.7"]
[White "Tymura, Achim"]
[Black "Heuermann, Heinz Burkhard"]
[Result "1/2-1/2"]
[WhiteElo "2137"]
[BlackElo "2020"]
[PlyCount "91"]
[EventDate "2007.09.16"]
[EventType "team"]
[EventRounds "9"]
[EventCountry "GER"]
[SourceTitle "EXT 2009"]
[Source "ChessBase"]
[SourceDate "2008.11.26"]
[SourceVersion "1"]
[SourceVersionDate "2008.11.26"]
[SourceQuality "1"]
[WhiteTeam "Hagen"]
[BlackTeam "Herford"]
[WhiteTeamCountry "GER"]
[BlackTeamCountry "GER"]

1. d4 Nf6 2. c4 g6 3. Nc3 d5 4. cxd5 Nxd5 5. e4 Nxc3 6. bxc3 c5 7. Bc4 Bg7 8. Ne2 cxd4 9. cxd4 0-0 10. Be3 Nc6 11. h4 b5 12. Bd5 Bb7 13. h5 Qa5+ 14. Kf1 Rac8 15. f3 e6 16. Bb3 Qb4 17. hxg6 hxg6 18. Rb1 Qe7 19. Qe1 Rfd8 20. Qg3 Na5 21. Qh3 Kf8 22. Qh7 Qf6 23. Ng3 Rxd4 24. Bxd4 Qxd4 25. Rd1 Qc5 26. Qh4 Re8 27. Ne2 Nxb3 28. axb3 b4 29. Rc1 Qe3 30. Qf2 Qxb3 31. Qc5+ Kg8 32. Qxa7 Bc8 33. Kf2 e5 34. Qb8 Bd7 35. Qd6 Be6 36. Rb1 Qc2 37. Rhc1 Qa2 38. Qxb4 Qa7+ 39. Qb6 Qe7 40. g3 Bh6 41. Rc3 Qg5 42. Rh1 Qd2 43. Qb1 Bf8 44. Qc1 Qa2 45. Qc2 Qa5 46. Rd1 1/2-1/2

[Event "NRW Class2 0607"]
[Site "Germany"]
[Date "2007.05.06"]
[Round "9.7"]
[White "Marcks, Martin"]
[Black "Tymura, Achim"]
[Result "1/2-1/2"]
[WhiteElo "2184"]
[BlackElo "2144"]
[PlyCount "85"]
[EventDate "2006.09.17"]
[EventType "team-tourn"]
[EventRounds "9"]
[EventCountry "GER"]
[SourceTitle "EXT 2008"]
[Source "ChessBase"]
[SourceDate "2007.11.25"]
[SourceVersion "1"]
[SourceVersionDate "2007.11.25"]
[SourceQuality "1"]
[WhiteTeam "Koeln Brueck"]
[BlackTeam "Hagen"]
[WhiteTeamCountry "GER"]
[BlackTeamCountry "GER"]

1. e4 c5 2. Nf3 Nc6 3. Nc3 g6 4. Bb5 Nd4 5. Nxd4 cxd4 6. Ne2 Bg7 7. c3 dxc3 8. dxc3 Nf6 9. Ng3 0-0 10. 0-0 d5 11. exd5 Qxd5 12. Qa4 a6 13. Be2 e5 14. Bf3 Qe6 15. Re1 Re8 16. Qb3 Qxb3 17. axb3 Rb8 18. Be3 Bg4 19. Bxg4 Nxg4 20. Bc5 Rbc8 21. b4 f5 22. Rad1 Rcd8 23. h3 Rxd1 24. Rxd1 Nf6 25. Rd6 f4 26. Ne2 Ne4 27. Rd7 Nxc5 28. bxc5 Bf8 29. b4 Re7 30. Rd5 Kf7 31. f3 Ke6 32. c4 Rc7 33. Nc1 a5 34. Nd3 axb4 35. Rxe5+ Kf6 36. Rd5 b3 37. Kf1 b2 38. Nxb2 Bxc5 39. Nd3 Be3 40. Rb5 Rxc4 41. Rxb7 h5 42. Rd7 Ra4 43. Rd5 1/2-1/2

[Event "NRW Class2 0607"]
[Site "Germany"]
[Date "2006.12.17"]
[Round "4.7"]
[White "Tymura, Achim"]
[Black "Mueller, Michael2222"]
[Result "1/2-1/2"]
[WhiteElo "2144"]
[BlackElo "2192"]
[PlyCount "105"]
[EventDate "2006.09.17"]
[EventType "team-tourn"]
[EventRounds "9"]
[EventCountry "GER"]
[SourceTitle "EXT 2008"]
[Source "ChessBase"]
[SourceDate "2007.11.25"]
[SourceVersion "1"]
[SourceVersionDate "2007.11.25"]
[SourceQuality "1"]
[WhiteTeam "Hagen"]
[BlackTeam "Duesseldorf"]
[WhiteTeamCountry "GER"]
[BlackTeamCountry "GER"]

1. d4 e6 2. c4 Bb4+ 3. Bd2 c5 4. Bxb4 cxb4 5. Nf3 Nf6 6. Nbd2 0-0 7. g3 d6 8. Bg2 Re8 9. 0-0 e5 10. e3 Nc6 11. Qc2 Bg4 12. h3 Bh5 13. b3 Rc8 14. Qb2 b6 15. Rac1 h6 16. Rfe1 a5 17. Kh2 Qd7 18. Ng1 Re7 19. Ne4 Nxe4 20. Bxe4 f5 21. Bd5+ Kh8 22. Qd2 Rf8 23. f4 Rfe8 24. Qg2 Nd8 25. Bf3 Bf7 26. dxe5 dxe5 27. Red1 Qc7 28. Bd5 exf4 29. exf4 Bh5 30. Rd2 Ne6 31. Bf3 Bg6 32. Re1 Nc5 33. Rxe7 Rxe7 34. Ne2 Re3 35. Nd4 Kh7 36. Qf2 Re8 37. Nb5 Qb8 38. Re2 Rxe2 39. Qxe2 Qd8 40. Bd5 Qf6 41. Qe5 a4 42. Qxf6 gxf6 43. Nd4 axb3 44. axb3 Bh5 45. Nc2 Bd1 46. Nxb4 Bxb3 47. Kg2 Kg7 48. Kf2 Ne4+ 49. Bxe4 fxe4 50. Ke3 Bxc4 51. Kxe4 Bf1 52. h4 Bg2+ 53. Ke3 1/2-1/2

[Event "NRW Class2 0607"]
[Site "Germany"]
[Date "2006.10.29"]
[Round "2.6"]
[White "Tymura, Achim"]
[Black "Ebert, Manuel"]
[Result "0-1"]
[WhiteElo "2144"]
[BlackElo "2021"]
[PlyCount "76"]
[EventDate "2006.09.17"]
[EventType "team-tourn"]
[EventRounds "9"]
[EventCountry "GER"]
[SourceTitle "EXT 2007"]
[Source "ChessBase"]
[SourceDate "2006.11.23"]
[SourceVersion "1"]
[SourceVersionDate "2006.11.23"]
[SourceQuality "1"]
[WhiteTeam "Hagen"]
[BlackTeam "Brackweda"]
[WhiteTeamCountry "GER"]
[BlackTeamCountry "GER"]

1. d4 d5 2. c4 e6 3. Nc3 Nf6 4. Bg5 Be7 5. e3 0-0 6. Nf3 Nbd7 7. Qc2 Re8 8. cxd5 exd5 9. Bd3 c6 10. 0-0 Nf8 11. Bxf6 Bxf6 12. b4 Bg4 13. Nd2 Rc8 14. Nb3 b6 15. Rfc1 g6 16. Ba6 Rb8 17. b5 c5 18. dxc5 bxc5 19. Nxc5 d4 20. exd4 Bxd4 21. Nb3 Be5 22. f3 Bf5 23. Qf2 Ne6 24. g3 Qd3 25. Qf1 Qd6 26. Kh1 Nc7 27. Qc4 Bd3 28. Ne4 Bxe4 29. fxe4 Nxa6 30. bxa6 Bxa1 31. Rxa1 Rb4 32. Qc3 Rbxe4 33. Rf1 Qd5 34. Qf3 R4e5 35. Qxd5 Rxd5 36. Rf2 Re6 37. Kg2 Rxa6 38. Rc2 Kg7 0-1

[Event "NRW Class2 0304"]
[Site "Germany"]
[Date "2004.03.28"]
[Round "8.4"]
[White "Tymura, Achim"]
[Black "Lemanczyk, Thomas"]
[Result "1-0"]
[WhiteElo "2132"]
[BlackElo "2226"]
[PlyCount "55"]
[EventDate "2003.09.28"]
[EventType "team"]
[EventRounds "9"]
[EventCountry "GER"]
[SourceTitle "CBM 098 Extra"]
[Source "ChessBase"]
[SourceDate "2004.03.10"]
[SourceVersion "2"]
[SourceVersionDate "2004.03.10"]
[SourceQuality "1"]
[WhiteTeam "Hagen"]
[BlackTeam "Gerresheim"]
[WhiteTeamCountry "GER"]
[BlackTeamCountry "GER"]

1. d4 e6 2. c4 b6 3. e4 Bb7 4. d5 Bb4+ 5. Bd2 Bxd2+ 6. Qxd2 Qe7 7. Nc3 d6 8. f4 Nd7 9. Nf3 Ngf6 10. Be2 e5 11. fxe5 Nxe5 12. Nd4 Bc8 13. h3 Bd7 14. 0-0-0 0-0 15. g4 Ng6 16. Bf3 Qe5 17. Kb1 h6 18. Nf5 Bxf5 19. exf5 Nh4 20. Qf2 Nxf3 21. Qxf3 Rfe8 22. Rd3 Re7 23. h4 Ne4 24. Nd1 f6 25. Kc2 b5 26. cxb5 a6 27. Re1 axb5 28. Nc3 1-0

[Event "Kiel op-A 16th"]
[Site "Kiel"]
[Date "2003.07.26"]
[Round "2.6"]
[White "Foisor, Ovidiu Doru"]
[Black "Tymura, Achim"]
[Result "1-0"]
[WhiteElo "2411"]
[BlackElo "2132"]
[PlyCount "71"]
[EventDate "2003.07.??"]
[EventType "swiss"]
[EventRounds "9"]
[EventCountry "GER"]
[SourceTitle "CBM 095 Extra"]
[Source "ChessBase"]
[SourceDate "2003.09.04"]
[SourceVersion "1"]
[SourceVersionDate "2003.09.04"]
[SourceQuality "1"]

1. d4 g6 2. c4 Bg7 3. e4 d6 4. Nc3 Nc6 5. Be3 e5 6. Nge2 f5 7. exf5 Bxf5 8. d5 Nce7 9. h3 Nf6 10. g4 Bd7 11. Bg2 0-0 12. Ng3 a6 13. Qe2 b5 14. Nge4 bxc4 15. Qxc4 Nxe4 16. Bxe4 Nc8 17. Qd3 Bf6 18. Qd2 Nb6 19. b3 a5 20. g5 Bg7 21. Qd3 Bf5 22. h4 Qd7 23. Rc1 a4 24. b4 Rf7 25. a3 Raf8 26. h5 Bxe4 27. Nxe4 Qf5 28. h6 Bh8 29. Kd2 Qd7 30. Rc6 Rb8 31. Rhc1 Qd8 32. Bxb6 Rxb6 33. Rxb6 cxb6 34. Qh3 Rf5 35. Rc6 Qf8 36. Ke2 1-0

[Event "Kiel op 15th"]
[Site "Kiel"]
[Date "2002.08.14"]
[Round "6"]
[White "Hertel, Peter"]
[Black "Tymura, Achim"]
[Result "1/2-1/2"]
[WhiteElo "2273"]
[BlackElo "2158"]
[PlyCount "23"]
[EventDate "2002.08.10"]
[EventType "swiss"]
[EventRounds "9"]
[EventCountry "GER"]
[SourceTitle "EXT 2003"]
[Source "ChessBase"]
[SourceDate "2002.11.25"]
[SourceVersion "1"]
[SourceVersionDate "2002.11.25"]
[SourceQuality "1"]

1. e4 c5 2. Nf3 Nc6 3. Bb5 e6 4. 0-0 Nge7 5. Nc3 a6 6. Bxc6 Nxc6 7. d4 cxd4 8. Nxd4 Be7 9. Be3 0-0 10. Nb3 b5 11. f4 d6 12. a3 1/2-1/2

[Event "Kiel op 15th"]
[Site "Kiel"]
[Date "2002.08.14"]
[Round "7"]
[White "Tymura, Achim"]
[Black "Berenstein, Alexander"]
[Result "0-1"]
[WhiteElo "2158"]
[BlackElo "2101"]
[PlyCount "100"]
[EventDate "2002.08.10"]
[EventType "swiss"]
[EventRounds "9"]
[EventCountry "GER"]
[SourceTitle "EXT 2003"]
[Source "ChessBase"]
[SourceDate "2002.11.25"]
[SourceVersion "1"]
[SourceVersionDate "2002.11.25"]
[SourceQuality "1"]

1. d4 e6 2. c4 d5 3. Nc3 c6 4. Nf3 Nd7 5. cxd5 exd5 6. Bf4 Ngf6 7. e3 Bb4 8. Nd2 0-0 9. Bd3 Re8 10. 0-0 Nf8 11. h3 Ng6 12. Bh2 Bd6 13. Qc2 Bxh2+ 14. Kxh2 Qd6+ 15. Kg1 Re7 16. Na4 b6 17. Rac1 Bd7 18. Bf5 Rc8 19. Bxd7 Qxd7 20. b4 Qe6 21. Qd3 Ne4 22. Nxe4 dxe4 23. Qb3 Qxb3 24. axb3 Rec7 25. Nc3 f5 26. g4 fxg4 27. hxg4 Ne7 28. Nxe4 Nd5 29. Rc4 b5 30. Rc5 Nxb4 31. Nd6 Rb8 32. Rfc1 Rd7 33. Rxc6 Nxc6 34. Rxc6 a5 35. e4 Ra7 36. e5 a4 37. bxa4 bxa4 38. e6 Kf8 39. Nc8 Ra5 40. Rc7 Rxc8 41. Rxc8+ Ke7 42. Kf1 a3 43. Rc1 a2 44. Ra1 Kxe6 45. Re1+ Kd6 46. Ra1 Kd5 47. Ke2 Kxd4 48. Kd2 Ke4 49. Ke2 Ra3 50. f3+ Kf4 0-1

[Event "Kiel op 15th"]
[Site "Kiel"]
[Date "2002.08.11"]
[Round "3"]
[White "Tymura, Achim"]
[Black "Smetankin, Stanislav"]
[Result "0-1"]
[WhiteElo "2158"]
[BlackElo "2455"]
[PlyCount "84"]
[EventDate "2002.08.10"]
[EventType "swiss"]
[EventRounds "9"]
[EventCountry "GER"]
[SourceTitle "EXT 2003"]
[Source "ChessBase"]
[SourceDate "2002.11.25"]
[SourceVersion "1"]
[SourceVersionDate "2002.11.25"]
[SourceQuality "1"]

1. d4 Nf6 2. c4 c5 3. d5 e6 4. Nc3 exd5 5. cxd5 d6 6. Nf3 g6 7. e4 Bg7 8. h3 0-0 9. Bf4 Re8 10. Nd2 Nxe4 11. Ncxe4 f5 12. Bb5 Bd7 13. 0-0 fxe4 14. Bxd7 Nxd7 15. Bxd6 Bxb2 16. Rb1 Qf6 17. Bh2 Nb6 18. Qc2 Bd4 19. Rbe1 Qf5 20. d6 e3 21. Qxf5 gxf5 22. fxe3 Bxe3+ 23. Rxe3 Rxe3 24. Rxf5 Nd7 25. Nc4 Re6 26. Bg3 Rf8 27. Rd5 b6 28. a4 Rff6 29. h4 Rf8 30. Kh2 Re4 31. Rg5+ Kf7 32. Ne5+ Nxe5 33. Bxe5 Ke6 34. Bg3 Rf7 35. a5 Kd7 36. axb6 axb6 37. Rg8 Re8 38. Rg4 b5 39. h5 Rc8 40. Re4 c4 41. Bf4 b4 42. g4 b3 0-1

[Event "Goch op 11th"]
[Site "Goch"]
[Date "2000.10.13"]
[Round "2"]
[White "Simonenko, Sergei"]
[Black "Tymura, Achim"]
[Result "1-0"]
[WhiteElo "2465"]
[BlackElo "1960"]
[PlyCount "93"]
[EventDate "2000.10.12"]
[EventType "swiss"]
[EventRounds "7"]
[EventCountry "GER"]
[SourceTitle "EXT 2002"]
[Source "ChessBase"]
[SourceDate "2001.11.25"]
[SourceVersion "1"]
[SourceVersionDate "2001.11.25"]
[SourceQuality "1"]

1. g3 g6 2. Bg2 Bg7 3. f4 d5 4. d3 Nf6 5. Nf3 c5 6. c3 Nc6 7. Qc2 Bf5 8. Nh4 Qd7 9. Nxf5 gxf5 10. Nd2 0-0-0 11. Nf3 e6 12. Be3 Qe7 13. 0-0 Kb8 14. Qa4 Ng4 15. Bd2 h5 16. h3 Nf6 17. b4 cxb4 18. cxb4 Ne4 19. dxe4 dxe4 20. Rad1 exf3 21. Rxf3 Qc7 22. Ra3 Bd4+ 23. Kh2 h4 24. b5 hxg3+ 25. Rxg3 Ne7 26. Ba5 Bb6 27. Rc3 Bxa5 28. Rxc7 Bxc7 29. b6 axb6 30. e3 Rxd1 31. Qxd1 Rd8 32. Qh5 Ng6 33. Qf3 Rd5 34. Qe2 Rd8 35. Kg1 Bd6 36. Qf3 Rd7 37. Kh2 Bc5 38. Qe2 Rd8 39. a4 Nh4 40. Bf3 Nxf3+ 41. Qxf3 Rd3 42. Qh5 Rxe3 43. Qxf7 Bd6 44. h4 Bxf4+ 45. Kg2 Re4 46. h5 Bg5 47. Qg8+ 1-0